[Event "Quebec op"]
[Site "Montreal CAN"]
[Date "2006.07.09"]
[Round "3"]
[White "Desjardins, Michel"]
[Black "Lacroix, Serge"]
[Result "1-0"]
[WhiteElo "1907"]
[BlackElo "2002"]
[PlyCount "105"]
[EventDate "2006.07.08"]
[EventType "swiss"]
[EventRounds "9"]
[EventCountry "CAN"]

1. e4 e5 2. Nc3 Nf6 3. Bc4 Bc5 4. d3 d6 5. f4 Bg4 6. Nf3 Nc6 7. Na4 Bb6 8. Nxb6
axb6 9. h3 Bxf3 10. Qxf3 Nd4 11. Qf2 b5 12. Bb3 Nxb3 13. cxb3 O-O 14. O-O Nd7
15. f5 f6 16. g4 Nc5 17. Qc2 c6 18. Rf3 Qe7 19. Be3 Nd7 20. h4 h6 21. Rg3 d5
22. g5 hxg5 23. hxg5 fxg5 24. Bxg5 Qc5+ 25. Qxc5 Nxc5 26. Be7 Nxb3 27. Bxf8
Kxf8 28. Re1 Rxa2 29. exd5 cxd5 30. Rxe5 Nd4 31. Kf1 Rxb2 32. Rxd5 Rb4 33. Rg4
Rb1+ 34. Kg2 Rb2+ 35. Kg3 Nc6 36. d4 Ne7 37. Rd8+ Kf7 38. Rd7 Kf6 39. Rxb7 Rb3+
40. Kh2 Nxf5 41. Rb6+ Kf7 42. Rf4 g6 43. d5 b4 44. Rc4 Kg7 45. Rc7+ Kh6 46. d6
Rb2+ 47. Kg1 Nd4 48. d7 Nf3+ 49. Kf1 Nh2+ 50. Ke1 Nf3+ 51. Kd1 Rd2+ 52. Kc1 b3
53. Rxb3 1-0

[Event "Quebec op"]
[Site "Montreal CAN"]
[Date "2006.07.10"]
[Round "4"]
[White "Lacroix, Serge"]
[Black "Trinh, Tri Bao"]
[Result "1/2-1/2"]
[WhiteElo "2002"]
[BlackElo "2011"]
[PlyCount "108"]
[EventDate "2006.07.08"]
[EventType "swiss"]
[EventRounds "9"]
[EventCountry "CAN"]

1. e4 c5 2. Nf3 d6 3. d4 cxd4 4. Nxd4 Nf6 5. Nc3 e5 6. Ndb5 a6 7. Na3 b5 8. Nd5
Be6 9. Bg5 Bxd5 10. exd5 Be7 11. Bxf6 Bxf6 12. c3 Nd7 13. Be2 O-O 14. O-O Bg5
15. Nc2 Qb6 16. Nb4 a5 17. Nc2 b4 18. cxb4 axb4 19. a3 bxa3 20. bxa3 Ra5 21.
Qd3 Qc5 22. Nb4 Rfa8 23. Qf5 Nf6 24. Qxg5 Rxa3 25. Rxa3 Rxa3 26. Rc1 Rc3 27.
Rxc3 Qxc3 28. Qf5 h6 29. Qb1 Qd2 30. Bf1 Nxd5 31. Nxd5 Qxd5 32. g3 g6 33. h4
Kg7 34. Qd3 Qe6 35. Bg2 Qe7 36. Qf3 Qc7 37. h5 Qc1+ 38. Bf1 Qg5 39. hxg6 Kxg6
40. Qd5 Qe7 41. Bd3+ Kg7 42. Qe4 Qg5 43. Qf5 Qxf5 44. Bxf5 d5 45. Kf1 h5 46.
Kg2 e4 47. Kf1 Kf6 48. Bh7 Ke5 49. Ke2 d4 50. Bg8 f5 51. Bf7 h4 52. gxh4 f4 53.
Bh5 Kf5 54. f3 exf3+ 1/2-1/2

[Event "Quebec op"]
[Site "Montreal CAN"]
[Date "2006.07.11"]
[Round "5"]
[White "Rozybakiyev, Rasul"]
[Black "Lacroix, Serge"]
[Result "0-1"]
[WhiteElo "2039"]
[BlackElo "2002"]
[PlyCount "88"]
[EventDate "2006.07.08"]
[EventType "swiss"]
[EventRounds "9"]
[EventCountry "CAN"]

1. e4 e5 2. Nf3 Nc6 3. Bc4 Nf6 4. d3 Bc5 5. Be3 Bxe3 6. fxe3 d6 7. Nbd2 O-O 8.
O-O Na5 9. Qe2 c6 10. Bb3 Nxb3 11. Nxb3 Qb6 12. Nbd2 Be6 13. b3 Ng4 14. Rae1 f6
15. Kh1 d5 16. h3 Nh6 17. exd5 cxd5 18. e4 dxe4 19. dxe4 Nf7 20. Rd1 Rfd8 21.
c4 a5 22. Nb1 a4 23. Qc2 axb3 24. axb3 Rxd1 25. Rxd1 Rd8 26. Rxd8+ Nxd8 27. Nc3
Nc6 28. Nd5 Qc5 29. Qd3 Kf7 30. Nh4 Nd4 31. b4 Qc6 32. Kh2 Qa4 33. b5 g6 34.
Nf3 Nxf3+ 35. gxf3 Qa2+ 36. Kg3 h5 37. f4 h4+ 38. Kf3 Bxh3 39. Ne3 exf4 40.
Qd5+ Kg7 41. Qxb7+ Kh6 42. Qb8 fxe3 43. Qf4+ Kh5 44. Kxe3 Qb3+ 0-1

[Event "Quebec op"]
[Site "Montreal CAN"]
[Date "2006.07.12"]
[Round "6"]
[White "Lacroix, Serge"]
[Black "Arsenault, Nicolas"]
[Result "0-1"]
[WhiteElo "2002"]
[BlackElo "2110"]
[PlyCount "162"]
[EventDate "2006.07.08"]
[EventType "swiss"]
[EventRounds "9"]
[EventCountry "CAN"]

1. e4 e6 2. d4 d5 3. Nc3 Nf6 4. Bg5 Bb4 5. e5 h6 6. Bd2 Bxc3 7. bxc3 Ne4 8. Bd3
Nxd2 9. Qxd2 c5 10. Nf3 Nc6 11. O-O Qa5 12. dxc5 Qxc5 13. Rab1 O-O 14. Rfe1 b6
15. Rb5 Qe7 16. Rbb1 Qc5 17. Rb5 Qe7 18. Rbb1 Qc5 19. Nd4 Bd7 20. Kh1 Kh8 21.
Nb5 f6 22. f4 fxe5 23. fxe5 Rf2 24. Qe3 Qxe3 25. Rxe3 Raf8 26. Kg1 R2f4 27. Rf1
Rxf1+ 28. Bxf1 Rf4 29. Bd3 Kg8 30. Nd6 Ra4 31. c4 d4 32. Re4 a6 33. g4 Rxa2 34.
h4 Ra5 35. c5 Rxc5 36. Bxa6 Rxe5 37. Rf4 Re1+ 38. Kf2 Rd1 39. Rf7 Ne5 40. Rf4
Rd2+ 41. Kg3 Rxc2 42. Rxd4 Bc6 43. g5 Rc3+ 44. Kf2 hxg5 45. hxg5 Rf3+ 46. Ke2
Rg3 47. Nc4 Rxg5 48. Nxb6 Rg2+ 49. Ke3 g5 50. Rd6 Kf7 51. Bc8 Bd5 52. Nxd5 Nc4+
53. Kf3 Nxd6 54. Kxg2 Nxc8 55. Ne3 Nd6 56. Kf3 Kf6 57. Ng4+ Kf5 58. Nh6+ Kg6
59. Ng4 Nf7 60. Ke4 Kh5 61. Kf3 Kh4 62. Nf2 Ne5+ 63. Ke4 Kg3 64. Nd1 Ng6 65.
Nc3 g4 66. Ne2+ Kf2 67. Nd4 e5 68. Ne6 g3 69. Kf5 g2 70. Ng5 g1=Q 71. Nh3+ Kg2
72. Nxg1 Kxg1 73. Ke4 Kf2 74. Kd3 Kf3 75. Kd2 Ke4 76. Ke2 Nf4+ 77. Kf2 Kd3 78.
Ke1 Ke3 79. Kf1 Kd2 80. Kf2 e4 81. Kg3 e3 0-1

[Event "Myriam Roy FIDE"]
[Site "Montreal CAN"]
[Date "2006.07.19"]
[Round "1"]
[White "Roy, Myriam"]
[Black "Lacroix, Serge"]
[Result "1-0"]
[WhiteElo "1800"]
[BlackElo "2056"]
[PlyCount "79"]
[EventDate "2006.07.01"]
[EventType "tourn"]
[EventRounds "9"]
[EventCountry "CAN"]

1. e4 e5 2. Nf3 Nc6 3. d4 exd4 4. Nxd4 Nf6 5. Nxc6 bxc6 6. e5 Qe7 7. Qe2 Nd5 8.
c4 Nb6 9. b3 d6 10. Bb2 d5 11. cxd5 cxd5 12. Ba3 Qe6 13. Bxf8 Kxf8 14. Nd2 Bb7
15. Rc1 Rc8 16. Qe3 h5 17. f4 g6 18. Bd3 f5 19. O-O Kg7 20. Nf3 Qe7 21. e6 c5
22. Ng5 Rhe8 23. Bb5 Rf8 24. Qe5+ Kg8 25. Nf7 Rxf7 26. exf7+ Qxf7 27. Rfe1 a6
28. Be8 Qf8 29. Qe6+ Kh8 30. Qxb6 Rxe8 31. Qxb7 d4 32. Qc6 Re4 33. Rxe4 fxe4
34. Qxe4 Kh7 35. Re1 Kh6 36. Qe5 Qc8 37. Qg5+ Kh7 38. Re7+ Kh8 39. Qh6+ Kg8 40.
Qg7# 1-0

[Event "Myriam Roy FIDE"]
[Site "Montreal CAN"]
[Date "2006.07.21"]
[Round "2"]
[White "Sullivan, Neil"]
[Black "Lacroix, Serge"]
[Result "1-0"]
[WhiteElo "2123"]
[BlackElo "2056"]
[PlyCount "37"]
[EventDate "2006.07.01"]
[EventType "tourn"]
[EventRounds "9"]
[EventCountry "CAN"]

1. e4 e6 2. d3 d5 3. Nd2 c5 4. Ngf3 Nc6 5. g3 Nf6 6. Bg2 Be7 7. O-O O-O 8. e5
Nd7 9. Re1 b5 10. Nf1 Qc7 11. Bf4 Bb7 12. h4 Nd4 13. N1h2 Nxf3+ 14. Bxf3 Nb6
15. h5 d4 16. Ng4 Bxf3 17. Qxf3 Nd5 18. Re2 Qc6 19. Qe4 1-0

[Event "Myriam Roy FIDE"]
[Site "Montreal CAN"]
[Date "2006.07.22"]
[Round "3"]
[White "Lacroix, Serge"]
[Black "Libersan, Thierry"]
[Result "0-1"]
[WhiteElo "2056"]
[BlackElo "1961"]
[PlyCount "100"]
[EventDate "2006.07.01"]
[EventType "tourn"]
[EventRounds "9"]
[EventCountry "CAN"]

1. d4 Nf6 2. c4 g6 3. Nc3 Bg7 4. e4 d6 5. Nf3 O-O 6. Be3 Ng4 7. Bc1 e5 8. d5 f5
9. Bd3 Na6 10. h3 Nf6 11. Be3 b6 12. a3 f4 13. Bc1 Nc5 14. b4 Nxd3+ 15. Qxd3 a5
16. Bb2 axb4 17. axb4 Rxa1+ 18. Bxa1 Nd7 19. Bb2 g5 20. Nd2 Rf6 21. Nb3 Rh6 22.
f3 Nf6 23. Rg1 Rg6 24. c5 h5 25. cxb6 cxb6 26. Nd2 g4 27. hxg4 hxg4 28. Ne2 Rh6
29. Qb5 Bd7 30. Qd3 b5 31. Kd1 Qb6 32. Kc2 Kf8 33. Kb3 Ke7 34. Rc1 Rh2 35. Rg1
Qf2 36. Nf1 Rxg2 37. Rxg2 Qxg2 38. Nd2 gxf3 39. Nxf3 Ng4 40. Nxf4 exf4 41. Bxg7
Ne3 42. e5 Qxg7 43. exd6+ Kxd6 44. Nd4 Nxd5 45. Nxb5+ Bxb5 46. Qxb5 Qc3+ 47.
Ka4 Qxb4+ 48. Qxb4+ Nxb4 49. Kxb4 f3 50. Kc3 f2 0-1

[Event "Myriam Roy FIDE"]
[Site "Montreal CAN"]
[Date "2006.07.22"]
[Round "4"]
[White "Masse, Hugues"]
[Black "Lacroix, Serge"]
[Result "1-0"]
[WhiteElo "2178"]
[BlackElo "2056"]
[PlyCount "61"]
[EventDate "2006.07.01"]
[EventType "tourn"]
[EventRounds "9"]
[EventCountry "CAN"]

1. d4 d5 2. c4 e5 3. dxe5 d4 4. Nf3 Nc6 5. Nbd2 Be6 6. Nb3 Qd7 7. Nbxd4 Bb4+ 8.
Bd2 Nxd4 9. Bxb4 Nxf3+ 10. exf3 Qc6 11. Qd4 Nh6 12. Qc5 Qxc5 13. Bxc5 b6 14.
Be3 Nf5 15. O-O-O Ke7 16. Be2 b5 17. Bc5+ Ke8 18. cxb5 Bxa2 19. b6 f6 20. b7
Rb8 21. Ba6 fxe5 22. Bxa7 Ke7 23. Bxb8 Rxb8 24. Rhe1 Kf6 25. f4 exf4 26. Rd7
Be6 27. Rxc7 Nd6 28. Rxe6+ Kxe6 29. Rc8 Rxb7 30. Bxb7 Nxb7 31. Rc7 1-0

[Event "Myriam Roy FIDE"]
[Site "Montreal CAN"]
[Date "2006.07.25"]
[Round "5"]
[White "Lacroix, Serge"]
[Black "Laurain, Guy"]
[Result "0-1"]
[WhiteElo "2069"]
[BlackElo "2187"]
[PlyCount "102"]
[EventDate "2006.07.01"]
[EventType "tourn"]
[EventRounds "9"]
[EventCountry "CAN"]

1. e4 c5 2. Nf3 Nc6 3. d4 cxd4 4. Nxd4 Nf6 5. Nc3 d6 6. Bg5 e6 7. Qd2 a6 8.
O-O-O h6 9. Bf4 Bd7 10. Nxc6 Bxc6 11. Bxd6 Bxd6 12. Qxd6 Qxd6 13. Rxd6 Nxe4 14.
Nxe4 Bxe4 15. Bd3 Bxg2 16. Rg1 Ke7 17. Rb6 Bd5 18. Rxg7 Rhg8 19. Rg3 Rg5 20.
Rb4 Kf6 21. Rf4+ Kg7 22. b3 Rd8 23. Rh4 f5 24. c4 Rxg3 25. hxg3 Bf3 26. Kc2 Bg4
27. f4 h5 28. Kc3 Kf6 29. Rh1 Bf3 30. Rf1 Bc6 31. Be2 Rg8 32. Bxh5 Rxg3+ 33.
Kd4 Rh3 34. Bd1 Rh2 35. a4 Rd2+ 36. Kc3 Rg2 37. b4 Be4 38. a5 e5 39. b5 exf4
40. bxa6 bxa6 41. Rxf4 Ke5 42. Rh4 Rg1 43. Be2 Rc1+ 44. Kb4 Kd4 45. Rh6 Rb1+
46. Ka4 f4 47. Rxa6 f3 48. Rd6+ Kc5 49. Bxf3 Bc2+ 50. Ka3 Kxd6 51. c5+ Kxc5 0-1

[Event "Myriam Roy FIDE"]
[Site "Montreal CAN"]
[Date "2006.07.23"]
[Round "6"]
[White "Trinh, Tri Bao"]
[Black "Lacroix, Serge"]
[Result "1/2-1/2"]
[WhiteElo "2046"]
[BlackElo "2069"]
[PlyCount "47"]
[EventDate "2006.07.01"]
[EventType "tourn"]
[EventRounds "9"]
[EventCountry "CAN"]

1. c4 e5 2. Nc3 Nf6 3. g3 Bb4 4. Bg2 O-O 5. Nf3 Re8 6. O-O d6 7. d3 Nc6 8. Bd2
Bg4 9. h3 Bxf3 10. Bxf3 Qd7 11. Bg2 Bxc3 12. Bxc3 Rab8 13. Kh2 d5 14. cxd5 Nxd5
15. Rc1 Nxc3 16. Rxc3 Nd4 17. e3 Nb5 18. Rc5 c6 19. Qc2 Rbd8 20. Rd1 h6 21. b4
a6 22. a4 Nc7 23. d4 exd4 24. Rxd4 1/2-1/2

[Event "Myriam Roy FIDE"]
[Site "Montreal CAN"]
[Date "2006.07.26"]
[Round "7"]
[White "Lacroix, Serge"]
[Black "Le Duin, Thierry"]
[Result "0-1"]
[WhiteElo "2069"]
[BlackElo "2053"]
[PlyCount "98"]
[EventDate "2006.07.01"]
[EventType "tourn"]
[EventRounds "9"]
[EventCountry "CAN"]

1. e4 d5 2. exd5 Nf6 3. d4 Bg4 4. Be2 Bxe2 5. Qxe2 Qxd5 6. Nf3 Nc6 7. Nc3 Qh5
8. Be3 O-O-O 9. h3 e6 10. a3 h6 11. Ne5 Qxe2+ 12. Kxe2 Nxd4+ 13. Bxd4 Rxd4 14.
Nxf7 Rg8 15. Rad1 Bc5 16. Ne5 Rf8 17. Nf3 Rf4 18. b4 Bb6 19. Rd2 e5 20. g3 Rxf3
21. Kxf3 Nd5+ 22. Ke4 Nxc3+ 23. Kxe5 Bxf2 24. g4 Re8+ 25. Kf5 Ne4 26. Rxf2 Nxf2
27. Rh2 Nd1 28. Kg6 Re7 29. h4 Nc3 30. Rf2 Nd5 31. Rf7 Re4 32. Kxg7 Rxg4+ 33.
Kxh6 Rxh4+ 34. Kg5 Rc4 35. Rf2 Ne3 36. Rf8+ Kd7 37. Ra8 a6 38. Rb8 Kc6 39. a4
Rxb4 40. c3 Rxa4 41. Kf6 Nd5+ 42. Ke6 Nxc3 43. Ke5 Re4+ 44. Kf5 a5 45. Rh8 a4
46. Rh3 Rc4 47. Rh6+ Kb5 48. Rh1 a3 49. Ra1 a2 0-1

[Event "Myriam Roy FIDE"]
[Site "Montreal CAN"]
[Date "2006.08.02"]
[Round "8"]
[White "Tremblay, Alain"]
[Black "Lacroix, Serge"]
[Result "0-1"]
[WhiteElo "2073"]
[BlackElo "2069"]
[PlyCount "84"]
[EventDate "2006.07.01"]
[EventType "tourn"]
[EventRounds "9"]
[EventCountry "CAN"]

1. d4 f5 2. Nf3 Nf6 3. g3 d5 4. Bg2 g6 5. c4 c6 6. O-O Bg7 7. b3 e6 8. Ba3 Bf8
9. Bxf8 Kxf8 10. Qd2 Kg7 11. Nc3 a6 12. Ne5 Nbd7 13. Nxd7 Bxd7 14. f3 dxc4 15.
bxc4 c5 16. d5 exd5 17. cxd5 Qe7 18. e4 Qe5 19. Rad1 fxe4 20. fxe4 Bg4 21. Rde1
h5 22. h4 Bd7 23. Rf4 Rhf8 24. Ref1 Ng4 25. Rxf8 Rxf8 26. Rxf8 Kxf8 27. Qf4+
Ke7 28. Qxe5+ Nxe5 29. Bf1 b5 30. a3 Kd6 31. Kf2 b4 32. axb4 cxb4 33. Nb1 a5
34. Ke3 a4 35. Nd2 Kc5 36. Be2 b3 37. Nb1 b2 38. Bd1 Bb5 39. Bc2 Nc4+ 40. Kd3
a3 41. Bb3 Nd6+ 42. Ke3 Bc4 0-1

[Event "Myriam Roy FIDE"]
[Site "Montreal CAN"]
[Date "2006.08.06"]
[Round "9"]
[White "Lacroix, Serge"]
[Black "Rousseau, Daniel"]
[Result "1-0"]
[WhiteElo "2069"]
[BlackElo "2070"]
[PlyCount "63"]
[EventDate "2006.07.01"]
[EventType "tourn"]
[EventRounds "9"]
[EventCountry "CAN"]

1. e4 g6 2. d4 Bg7 3. Nf3 d6 4. Nc3 Nf6 5. Bc4 O-O 6. O-O Nc6 7. h3 Na5 8. Bd3
Nd7 9. Bg5 h6 10. Bh4 c5 11. d5 a6 12. a4 g5 13. Bg3 c4 14. Be2 b5 15. axb5
axb5 16. Nxb5 Qb6 17. Nbd4 Nc5 18. Nc6 e5 19. Rxa5 Rxa5 20. Nxa5 Qxa5 21. Nd2
Qb4 22. f3 Ba6 23. Bf2 Ra8 24. h4 Bf6 25. Be3 Bd8 26. hxg5 hxg5 27. Qe1 Qxb2
28. Qg3 f6 29. Qh3 Qc3 30. Kf2 Bb6 31. Rh1 Qxe3+ 32. Ke1 1-0

[Event "Juin"]
[Site "Montreal CAN"]
[Date "2006.06.09"]
[Round "1"]
[White "Gilman, Arkadiy"]
[Black "Lacroix, Serge"]
[Result "1-0"]
[WhiteElo "2166"]
[BlackElo "2022"]
[PlyCount "81"]
[EventDate "2006.06.09"]
[EventType "swiss"]
[EventRounds "5"]
[EventCountry "CAN"]

1. d4 d5 2. Nf3 c5 3. c4 cxd4 4. cxd5 Nf6 5. Nxd4 e5 6. dxe6 Bxe6 7. Nxe6 Qxd1+
8. Kxd1 fxe6 9. e3 Nc6 10. Bb5 O-O-O+ 11. Ke2 Nb4 12. Nc3 Bd6 13. Bd2 a6 14.
Ba4 Be5 15. f4 Bxc3 16. Bxc3 Nbd5 17. Bd4 b5 18. Bb3 Ng4 19. Bxd5 Rxd5 20. Bxg7
Rg8 21. Bc3 Nh6 22. g3 Nf5 23. Rhd1 h5 24. e4 Rxd1 25. Rxd1 Ne7 26. Kf3 Re8 27.
Rd6 Ng6 28. Rxa6 Kb7 29. Rd6 Kc7 30. e5 h4 31. Ba5+ Kb7 32. Rd1 Re7 33. Rc1
hxg3 34. hxg3 Nxe5+ 35. fxe5 Rf7+ 36. Ke4 Rf2 37. Bc3 b4 38. Be1 Re2+ 39. Kd3
Rg2 40. Rc4 Kb6 41. Rxb4+ 1-0

[Event "Juin"]
[Site "Montreal CAN"]
[Date "2006.06.11"]
[Round "4"]
[White "Lacroix, Serge"]
[Black "Libersan, Thierry"]
[Result "0-1"]
[WhiteElo "2022"]
[BlackElo "2167"]
[PlyCount "64"]
[EventDate "2006.06.09"]
[EventType "swiss"]
[EventRounds "5"]
[EventCountry "CAN"]

1. e4 c5 2. Nf3 e6 3. d4 cxd4 4. Nxd4 Nf6 5. Nc3 Nc6 6. Bg5 a6 7. Be2 Qa5 8.
Bxf6 gxf6 9. O-O Rg8 10. Qd2 Bb4 11. Nb3 Bxc3 12. bxc3 Qg5 13. g3 Qxd2 14. Nxd2
b5 15. a4 bxa4 16. Rxa4 Ke7 17. Rfa1 a5 18. f4 Ba6 19. Bc4 Bxc4 20. Nxc4 Rgc8
21. Kf2 Ra7 22. Ke2 Rac7 23. Nb6 Rb8 24. Nc4 Rbc8 25. Kd3 h5 26. R1a3 Rg8 27.
Ne3 Rb7 28. Rb3 Ra7 29. Rba3 Kd8 30. Nc4 Ke7 31. Nxa5 Nxa5 32. Rxa5 Rxa5 0-1

[Event "Juin"]
[Site "Montreal CAN"]
[Date "2006.06.11"]
[Round "5"]
[White "Bolduc, Steve"]
[Black "Lacroix, Serge"]
[Result "1/2-1/2"]
[WhiteElo "2272"]
[BlackElo "2022"]
[PlyCount "90"]
[EventDate "2006.06.09"]
[EventType "swiss"]
[EventRounds "5"]
[EventCountry "CAN"]

1. d4 d5 2. c4 e5 3. dxe5 d4 4. Nf3 Nc6 5. g3 Nge7 6. Bg2 Be6 7. Nbd2 Ng6 8.
O-O Qd7 9. Qb3 Bc5 10. Rd1 O-O 11. Ne4 Bb6 12. e3 Ngxe5 13. Nxe5 Nxe5 14. exd4
Nxc4 15. d5 Bg4 16. Re1 Nd6 17. Be3 Rfe8 18. Nxd6 Qxd6 19. Qc3 Bxe3 20. Rxe3
Rxe3 21. Qxe3 g6 22. Rc1 a6 23. Qb3 Rb8 24. h3 Bd7 25. Qc3 Rc8 26. Qe3 Re8 27.
Qc3 Rc8 28. h4 h5 29. Bf3 c6 30. dxc6 Bxc6 31. Rd1 Qe6 32. Bxc6 Qxc6 33. Qxc6
Rxc6 34. Rd7 b5 35. Ra7 Kg7 36. Kg2 Kf6 37. Kf3 Ke6 38. Ke4 Rc4+ 39. Kd3 Rc6
40. b3 f5 41. Ke3 Ke5 42. Re7+ Kf6 43. Rd7 Ke5 44. Re7+ Kf6 45. Rd7 Ke5 1/2-1/2

[Event "Quebec-ch qual. 2"]
[Site "Montreal CAN"]
[Date "2006.05.19"]
[Round "1"]
[White "Lacroix, Serge"]
[Black "Mathews, Theo"]
[Result "1-0"]
[WhiteElo "2030"]
[BlackElo "1599"]
[PlyCount "121"]
[EventDate "2006.05.19"]
[EventType "swiss"]
[EventRounds "5"]
[EventCountry "CAN"]

1. e4 e5 2. f4 Bc5 3. Nf3 d6 4. Bc4 Nc6 5. d3 Nf6 6. c3 a6 7. Qe2 O-O 8. Be3
Bxe3 9. Qxe3 exf4 10. Qxf4 Re8 11. O-O Be6 12. Nbd2 Ne5 13. Nxe5 dxe5 14. Qf3
Bxc4 15. Nxc4 c5 16. Rad1 b5 17. Ne3 Re7 18. Nf5 Re6 19. Kh1 g6 20. Nh6+ Kg7
21. Ng4 Qe7 22. Ne3 Rd8 23. g4 h6 24. h4 Nd7 25. Qg3 Kh7 26. Nd5 Qf8 27. Rf3
Qg7 28. Rdf1 Rf8 29. g5 h5 30. Qf2 Kg8 31. Nf6+ Nxf6 32. gxf6 Qh6 33. Qxc5 Qd2
34. Qf2 Qxf2 35. R1xf2 Rfe8 36. Kg2 Kh7 37. Kf1 Kh6 38. Ke2 Rg8 39. Ke3 g5 40.
hxg5+ Rxg5 41. d4 h4 42. d5 Re8 43. b3 Rc8 44. Kd3 Kh5 45. Rh2 Kg4 46. Rfh3 Rh8
47. a4 Rg6 48. c4 bxa4 49. bxa4 Rxf6 50. c5 Rf3+ 51. Rxf3 Kxf3 52. d6 Kg3 53.
Rh1 Kg2 54. Rc1 Rd8 55. Kc4 h3 56. Kd5 f6 57. c6 h2 58. c7 Re8 59. Kc6 h1=Q 60.
Rxh1 Kxh1 61. d7 1-0

[Event "Quebec-ch qual. 2"]
[Site "Montreal CAN"]
[Date "2006.05.20"]
[Round "2"]
[White "Blais, Richard"]
[Black "Lacroix, Serge"]
[Result "1-0"]
[WhiteElo "1849"]
[BlackElo "2030"]
[PlyCount "131"]
[EventDate "2006.05.19"]
[EventType "swiss"]
[EventRounds "5"]
[EventCountry "CAN"]

1. e4 e5 2. Bc4 Nf6 3. Nf3 Nxe4 4. Nc3 Nxc3 5. dxc3 c6 6. Nxe5 d5 7. Bd3 Nd7 8.
Ng4 Nf6 9. Qe2+ Be6 10. Bf5 Nxg4 11. Bxg4 Qd7 12. Bxe6 Qxe6 13. Qxe6+ fxe6 14.
Bf4 Kd7 15. O-O-O Bc5 16. f3 Rhf8 17. Be5 Be3+ 18. Kb1 Rf5 19. Bd4 Bxd4 20.
cxd4 b6 21. Rde1 c5 22. dxc5 bxc5 23. Re3 a5 24. Rhe1 Rf6 25. f4 h5 26. g3 Ra6
27. Re5 g6 28. c4 Kd6 29. cxd5 exd5 30. Rg5 Rc6 31. Ree5 d4 32. Rd5+ Kc7 33.
Rxc5 a4 34. Kc2 Kb6 35. Rxc6+ Rxc6+ 36. Kd3 a3 37. bxa3 Rd6 38. f5 gxf5 39.
Rxh5 f4 40. gxf4 Rf6 41. f5 Kc5 42. Rg5 Kd5 43. h4 Ke5 44. Rg6 Rf8 45. f6 Ra8
46. Rg5+ Kxf6 47. Kxd4 Rxa3 48. Rg2 Ra4+ 49. Kc5 Rxh4 50. Re2 Rh1 51. a4 Ra1
52. Kb5 Rb1+ 53. Ka6 Rb3 54. a5 Rb1 55. Ka7 Rb3 56. a6 Rb1 57. Ka8 Rb3 58. a7
Rb1 59. Re8 Kf7 60. Rb8 Re1 61. Kb7 Re7+ 62. Kb6 Re6+ 63. Kc5 Re5+ 64. Kd4 Ra5
65. a8=Q Rxa8 66. Rxa8 1-0

[Event "Quebec-ch qual. 2"]
[Site "Montreal CAN"]
[Date "2006.05.20"]
[Round "3"]
[White "Lacroix, Serge"]
[Black "Chase, Oliver"]
[Result "1-0"]
[WhiteElo "2030"]
[BlackElo "1644"]
[PlyCount "75"]
[EventDate "2006.05.19"]
[EventType "swiss"]
[EventRounds "5"]
[EventCountry "CAN"]

1. e4 c6 2. d4 d5 3. Nc3 dxe4 4. Nxe4 Bf5 5. Ng3 Bg6 6. h4 h6 7. h5 Bh7 8. Nf3
Nf6 9. Bd3 Bxd3 10. Qxd3 e6 11. Bd2 Bd6 12. Ne4 Nxe4 13. Qxe4 Nd7 14. c4 Nf6
15. Qe2 Qe7 16. O-O-O O-O-O 17. a3 Bxa3 18. bxa3 Qxa3+ 19. Kc2 Qa4+ 20. Kb2 c5
21. Ra1 Qc6 22. dxc5 Qxc5 23. Qe3 Qxe3 24. Bxe3 a6 25. Ne5 Rhf8 26. Kc2 Nd7 27.
Nxd7 Rxd7 28. Rhd1 Rfd8 29. Bb6 Rxd1 30. Rxd1 Rxd1 31. Kxd1 Kd7 32. Kd2 g6 33.
g4 Ke7 34. Be3 g5 35. Bc5+ Ke8 36. Bd4 Kf8 37. Bf6 a5 38. Kc3 1-0

[Event "Quebec-ch qual. 2"]
[Site "Montreal CAN"]
[Date "2006.05.21"]
[Round "4"]
[White "Gilbert, Erick"]
[Black "Lacroix, Serge"]
[Result "0-1"]
[WhiteElo "1860"]
[BlackElo "2030"]
[PlyCount "56"]
[EventDate "2006.05.19"]
[EventType "swiss"]
[EventRounds "5"]
[EventCountry "CAN"]

1. Nf3 Nf6 2. d4 c5 3. e3 e6 4. Bd3 d5 5. c3 b6 6. O-O Be7 7. Ne5 Bb7 8. Bb5+
Nbd7 9. Nc6 Bxc6 10. Bxc6 Rc8 11. Bb5 O-O 12. Bd3 e5 13. Bf5 Ra8 14. Nd2 Re8
15. Nf3 e4 16. Nd2 g6 17. Bh3 Bd6 18. f4 Qc7 19. b3 cxd4 20. Bxd7 Nxd7 21. Nb1
d3 22. Bb2 f5 23. Nd2 b5 24. Rc1 Bc5 25. Qe1 Qb6 26. Kf2 Qd6 27. b4 Qxf4+ 28.
Nf3 Bb6 0-1

[Event "Quebec-ch qual. 2"]
[Site "Montreal CAN"]
[Date "2006.05.21"]
[Round "5"]
[White "Libersan, Thierry"]
[Black "Lacroix, Serge"]
[Result "1-0"]
[WhiteElo "2174"]
[BlackElo "2030"]
[PlyCount "91"]
[EventDate "2006.05.19"]
[EventType "swiss"]
[EventRounds "5"]
[EventCountry "CAN"]

1. e4 e5 2. Nf3 Nc6 3. Bb5 a6 4. Ba4 Nf6 5. O-O b5 6. Bb3 Be7 7. Re1 O-O 8. h3
d6 9. c3 Na5 10. Bc2 c5 11. d4 Qc7 12. Nbd2 Bd7 13. d5 c4 14. Nf1 Nb7 15. N3h2
h6 16. f4 Nh7 17. Nf3 Rfe8 18. Ng3 exf4 19. Bxf4 Bf6 20. Nh5 Be5 21. Qd2 Nf6
22. Bxe5 Nxh5 23. Bd4 Qd8 24. g4 Nf6 25. g5 Nh7 26. gxh6 g6 27. Kh2 Nc5 28. e5
Nd3 29. Bxd3 dxe5 30. Bxg6 fxg6 31. Nxe5 Bf5 32. Qf4 Qg5 33. Qxg5 Nxg5 34. h4
Ne4 35. Nf3 Kh7 36. Bg7 Rad8 37. Ng5+ Kg8 38. Bd4 Nxg5 39. hxg5 Re4 40. Rxe4
Bxe4 41. Re1 Bxd5 42. Re7 Kf8 43. Rg7 Bg8 44. Rxg6 Re8 45. Bc5+ Kf7 46. Rf6#
1-0

[Event "Dimanche 2006.04.30"]
[Site "Montreal CAN"]
[Date "2006.05.14"]
[Round "3"]
[White "Lacroix, Serge"]
[Black "Le Duin, Thierry"]
[Result "1/2-1/2"]
[WhiteElo "2003"]
[BlackElo "2065"]
[PlyCount "61"]
[EventDate "2006.04.30"]
[EventType "tourn"]
[EventRounds "4"]
[EventCountry "CAN"]

1. d4 Nf6 2. c4 c5 3. d5 b5 4. cxb5 a6 5. bxa6 g6 6. Nc3 Bxa6 7. e4 Bxf1 8.
Kxf1 d6 9. Nf3 Bg7 10. g3 O-O 11. Kg2 Nbd7 12. Re1 Ng4 13. Bf4 Rb8 14. Qc2 Qa5
15. Rac1 Rb7 16. h3 Nge5 17. Nxe5 Nxe5 18. Re2 Rc8 19. Bxe5 Bxe5 20. b3 Bxc3
21. Qxc3 Qxc3 22. Rxc3 Ra7 23. Rcc2 f6 24. f4 Kf7 25. Kf3 h6 26. e5 f5 27. g4
fxg4+ 28. hxg4 Ra3 29. exd6 exd6 30. f5 gxf5 31. gxf5 1/2-1/2

[Event "Dimanche 2006.04.23"]
[Site "Montreal CAN"]
[Date "2004.04.30"]
[Round "2"]
[White "Gilman, Arkadiy"]
[Black "Lacroix, Serge"]
[Result "1-0"]
[WhiteElo "2188"]
[BlackElo "2003"]
[PlyCount "79"]
[EventDate "2006.04.23"]
[EventType "tourn"]
[EventRounds "5"]
[EventCountry "CAN"]

1. d4 Nf6 2. Nf3 g6 3. c4 Bg7 4. Nc3 d5 5. Bf4 dxc4 6. e4 c5 7. Qa4+ Bd7 8.
Qxc4 cxd4 9. Nxd4 Nc6 10. Rd1 Nxd4 11. Qxd4 Qb6 12. Qxb6 axb6 13. Be3 Bc6 14.
f3 Nd7 15. Bd4 Bxd4 16. Rxd4 e6 17. Be2 Ke7 18. Kf2 Nc5 19. Rb4 Na4 20. Nb1
Rhd8 21. Ke3 f5 22. a3 fxe4 23. fxe4 Ra5 24. Rd1 Re5 25. Rxd8 Kxd8 26. Rd4+ Ke7
27. b4 b5 28. g4 g5 29. Bd3 h6 30. Nd2 Nc3 31. Nf3 Nd5+ 32. Rxd5 Rxe4+ 33. Bxe4
exd5 34. Bf5 d4+ 35. Nxd4 Be8 36. Bd3 Kd6 37. Nxb5+ Ke5 38. Nc3 Bd7 39. h3 Bc6
40. Bf1 1-0

[Event "Dimanche 2006.02.06"]
[Site "Montreal CAN"]
[Date "2006.02.06"]
[Round "1"]
[White "Lacroix, Serge"]
[Black "Camy, Garry"]
[Result "0-1"]
[WhiteElo "2000"]
[BlackElo "1766"]
[PlyCount "99"]
[EventDate "2006.02.06"]
[EventType "tourn"]
[EventRounds "5"]
[EventCountry "CAN"]

1. e4 c5 2. Nf3 d6 3. d4 cxd4 4. Nxd4 Nf6 5. Nc3 a6 6. f4 Nbd7 7. Be2 e6 8. Be3
Be7 9. Bf3 O-O 10. Qe2 Qc7 11. O-O Nb6 12. Kh1 Nc4 13. Bc1 Re8 14. b3 Ne5 15.
Ncb5 axb5 16. Nxb5 Qc6 17. fxe5 dxe5 18. Bb2 Bd7 19. c4 Qc5 20. a4 Bxb5 21.
cxb5 Bd6 22. Rfc1 Qb6 23. Rd1 Red8 24. Rac1 Nd7 25. Bc3 Ba3 26. Ra1 Qc5 27. Be1
Qe7 28. Qa2 Bc5 29. Bc3 Qg5 30. Rd3 Be3 31. Qe2 Bd4 32. Bxd4 exd4 33. Rxd4 Ne5
34. Rxd8+ Rxd8 35. Rd1 Rc8 36. Qd2 Qh4 37. Qe2 h6 38. g3 Qf6 39. Bg2 Rc3 40.
Rf1 Qg5 41. b4 Re3 42. Qc2 Qh5 43. Kg1 Re2 44. Qc3 Ng4 45. h4 Re3 46. Qc8+ Kh7
47. Qc7 Ne5 48. Kh2 f6 49. Qc5 Qe2 50. Qd6 0-1